Tom Cruise Movies - Statistics

General Stats
  • This quiz has been taken 89 times
  • The average score is 14 of 25
Answer Stats
Release Year Costars Movie % Correct
1986 Anthony Edwards, Val Kilmer Top Gun
92%
1996 Jon Voight, Ving Rhames Mission: Impossible
86%
1988 Dustin Hoffman, Valeria Golino Rain Man
76%
1996 Cuba Gooding Jr., Renee Zellweger Jerry Maguire
69%
1992 Jack Nicholson, Demi Moore A Few Good Men
64%
1988 Bryan Brown, Elizabeth Shue Cocktail
64%
1999 Nicole Kidman, Todd Field Eyes Wide Shut
64%
2022 Jennifer Connelly, Jon Hamm Top Gun: Maverick
61%
2008 Ben Stiller, Robert Downey Jr. Tropic Thunder
61%
2004 Jamie Foxx, Jada Pinkett Smith Collateral
59%
1983 Rebecca De Mornay, Joe Pantoliano Risky Business
55%
2005 Dakota Fanning, Tim Robbins War of the Worlds
55%
1994 Brad Pitt, Kirsten Dunst Interview with the Vampire
54%
1983 Matt Dillon, Patrick Swayze The Outsiders
53%
1990 Nicole Kidman, Robert Duvall Days of Thunder
51%
1986 Paul Newman, Helen Shaver The Color of Money
49%
2014 Emily Blunt, Bill Paxton Edge of Tomorrow
46%
2012 Rosamund Pike, Werner Herzog Jack Reacher
43%
2003 Ken Watanabe, Billy Connolly The Last Samurai
43%
2017 Sofia Boutella, Russell Crowe The Mummy
43%
1989 Willem Dafoe, Raymond J. Barry Born on the Fourth of July
42%
1993 Gene Hackman, Hal Holbrook The Firm
41%
2013 Morgan Freeman, Zoe Bell Oblivion
31%
2017 Domhnall Gleeson, Jesse Plemons American Made
26%
1999 Julianne Moore, Philip Seymour Hoffman Magnolia
26%
No matching quizzes found
Score Distribution
Percent of People with Each Score
Percentile by Number Answered
Your Score History
You have not taken this quiz